000 01008nam a22002897a 4500
003 CHAP
005 20220329134137.0
008 971013s1953 r 00010 d
010 _a16057
011 _a17029
035 _a21111
040 _cCHAP
082 _a583.32
_bG8
100 0 0 _aGuinea, Emilio.
_951430
245 _aEstudio botánico de las vezas y arvejas españolas; monografía del género Vicia Linné en España
260 _aMadrid :
_bInstituto Nacional de Investigaciones Agronómicas,
_c1953
300 _a227 p.
_b: ilus
590 _aBATCH-UPD
_b10
_c20130110
_lUCH01
_h0133
590 _aBATCH-UPD
_b10
_c20130110
_lUCH01
_h1405
590 _aCONVERSION
_b10
_c20130109
_lUCH01
_h1310
650 1 4 _aArveja.
_97792
901 _aBK
942 _cLIBRO
949 _a583.32 G8
_bBC
_cLIBRO
_d33724000455028
_eLIBRO
_fc.3
_h9797
_i21111
_si
949 _a583.32 G8
_bBC
_cLIBRO
_d33724000455036
_eLIBRO
_h9795
_i21111
_si
949 _a583.32 G8
_bBC
_cLIBRO
_d33724000455788
_eLIBRO
_fc.2
_h9796
_i21111
_si
999 _c16057
_d16057